| 000 | 00602 a2200169 4500 | ||
|---|---|---|---|
| 999 |
_c4658 _d4658 |
||
| 020 | _a9780077279974 | ||
| 050 | _aLC 1099.3 CUS 2008 | ||
| 100 |
_aCushner, Kenneth _eAuthor |
||
| 245 |
_aHuman diversity in education, Florida edition: _ban integrative approach _cKenneth Cushner, Averil McClelland and Philip Safford |
||
| 264 |
_aNew York: _bMacGraw-Hill, _c2008 |
||
| 300 |
_axviii, 469p. : _bill. (col.) |
||
| 500 | _aIncludes index | ||
| 650 |
_aEducation _xHuman diversity |
||
| 700 |
_aMcClelland, Averil _eAuthor |
||
| 700 |
_aSafford, Philip _eAuthor |
||
| 942 |
_2lcc _cBK _e6th ed. _h1099.3 _iCUS _kLB |
||